Statistics for Find the False Fact

Click here to take the quiz!

General Stats

  • This quiz has been taken 65 times
    (64 since last reset)
  • The average score is 5 of 15

Answer Stats

QuestionAnswer% Correct
Which fact about water is false?Water has a pH of 1
54%
Which fact about planes is false?An animal can only be brought on a plane if it is a service animal
53%
Which fact about China is false?In China it is illegal to have more than one child
53%
Which fact about fruits is false?Kiwi trees are native to New Zealand
46%
Which fact is about New York City is false?All five boroughs are located on islands
37%
Which fact about the moon is false?The moon is larger than Mercury
37%
Which fact about biology is false?All cells have a nucleus
36%
Which fact about the French Revolution is false?The Storming of the Bastille is the first event of the revolution
32%
Which fact about Australia is false?There is more desert in Australia than in North and South America combined
31%
Which fact about Star Wars is false?Darth Vader said "Luke, I am your father" in "The Empire Strikes Back"
27%
Which fact about mathematics is false?The sum of all numbers is Infinity
25%
Which fact about the Beatles is falseThe song "Lucy in the Sky with Diamonds" is about the drug LSD
19%
Which fact about World War II is false?Iran remained neutral throughout the war
10%
Which fact about muscles is false?The tongue is a muscle
2%
Which fact about weather is false?Clouds are often composed of thousands of tons of water vapor
0%

Score Distribution

Percentile by Number Answered

Percent of People with Each Score

Your Score History

You have not taken this quiz since the last reset